European Physical Journal C : (Record no. 200427777)
[ view plain ]
| 000 -LEADER | |
|---|---|
| fixed length control field | 00782nam a22002657a 4500 |
| 001 - CONTROL NUMBER | |
| control field | 13063944 |
| 003 - CONTROL NUMBER IDENTIFIER | |
| control field | TR-AnTOB |
| 005 - DATE AND TIME OF LATEST TRANSACTION | |
| control field | 20200608131945.0 |
| 008 - FIXED-LENGTH DATA ELEMENTS--GENERAL INFORMATION | |
| fixed length control field | 171031b xxu||||| |||| 00| 0 tur d |
| 022 ## - INTERNATIONAL STANDARD SERIAL NUMBER | |
| Incorrect ISSN | 1434-6044 |
| 040 ## - CATALOGING SOURCE | |
| Original cataloging agency | WaSeSS |
| Transcribing agency | WaSeSS |
| Modifying agency | TR-AnTOB |
| Language of cataloging | eng |
| Description conventions | rda |
| 041 ## - LANGUAGE CODE | |
| Language code of text/sound track or separate title | İngilizce |
| 050 ## - LIBRARY OF CONGRESS CALL NUMBER | |
| Classification number | QC21.2 |
| Item number | .E97 2000 |
| 090 ## - LOCALLY ASSIGNED LC-TYPE CALL NUMBER (OCLC); LOCAL CALL NUMBER (RLIN) | |
| Classification number (OCLC) (R) ; Classification number, CALL (RLIN) (NR) | QC21.2 |
| Local cutter number (OCLC) ; Book number/undivided call number, CALL (RLIN) | .E97 2000 |
| 245 10 - TITLE STATEMENT | |
| Title | European Physical Journal C : |
| Medium | Review of partical physics |
| 264 ## - PRODUCTION, PUBLICATION, DISTRIBUTION, MANUFACTURE, AND COPYRIGHT NOTICE | |
| Place of production, publication, distribution, manufacture | Hamburg : |
| Name of producer, publisher, distributor, manufacturer | Springer-Verlag, |
| Date of production, publication, distribution, manufacture, or copyright notice | 2000. |
| 300 ## - PHYSICAL DESCRIPTION | |
| Extent | 878 pages : |
| Other physical details | tables, graphics ; |
| Dimensions | 28 cm |
| 336 ## - CONTENT TYPE | |
| Source | rdacontent |
| Content type term | text |
| 337 ## - MEDIA TYPE | |
| Source | rdamedia |
| Media type term | unmediated |
| 338 ## - CARRIER TYPE | |
| Source | rdacarrier |
| Carrier type term | volume |
| 504 ## - BIBLIOGRAPHY, ETC. NOTE | |
| Bibliography, etc. note | |
| 650 #0 - SUBJECT ADDED ENTRY--TOPICAL TERM | |
| Topical term or geographic name entry element | Field theory (Physics) |
| 9 (RLIN) | 2698 |
| 942 ## - ADDED ENTRY ELEMENTS (KOHA) | |
| Source of classification or shelving scheme | Library of Congress Classification |
| Koha item type | Book |
| Withdrawn status | Lost status | Source of classification or shelving scheme | Not for loan | Collection code | Home library | Current library | Shelving location | Date acquired | Source of acquisition | Inventory number | Total Checkouts | Full call number | Barcode | Date last seen | Date shelved | Koha item type | Public note | Materials specified (bound volume or other part) |
|---|---|---|---|---|---|---|---|---|---|---|---|---|---|---|---|---|---|---|
| Library of Congress Classification | Ödünç Verilebilir / Available | Genel Koleksiyon | Merkez Kütüphane | Merkez Kütüphane | Genel Koleksiyon / Main Collection | 16/01/2016 | Bağış / Donation | MBN | QC21.2 .E97 2000 | 0054073 | 31/10/2017 | 31/10/2017 | Book | Donated by Saleh Sultansoy | ||||
| Library of Congress Classification | Ödünç Verilebilir / Available | Genel Koleksiyon | Merkez Kütüphane | Merkez Kütüphane | Genel Koleksiyon / Main Collection | 16/01/2016 | Bağış / Donation | MBN | QC21.2 .E97 2000 | 0054072 | 31/10/2017 | 31/10/2017 | Book | Donated by Saleh Sultansoy | c.2 |
